00518nam a2200193 a 4500001001300000003000900013005001700022008004100039020000800080082001700088100003200105245002800137260005900165300000800224500003500232505001000267650001500277700003200292nice12345678IN_TiNIC20260116011446.0050524s0000 woka grp 000 0 eng  ac000a297.86bKAM6 aKamal-Ud-Din, Al-Haj Khwaja aRiddles of Life Kismet. aWokingbWoking Muslim Mission and Literary Trustc0000 a10p aincludes index and biblioraphy2 aindex aAhmadiyyah1 aKamal-Ud-Din, Al-Haj Khwaja